| 000 | 00708nam a2200205Ia 4500 | ||
|---|---|---|---|
| 003 | GCL | ||
| 008 | 140319s9999 xx 000 0 ara d | ||
| 040 |
_aGCL / _cGCL |
||
| 082 | 0 | 4 |
_a811.5 _bح د |
| 100 | 1 | _aابن حيوس : ابوالفتيان محمد بن سلطان بن محمد القنوى | |
| 245 | 1 | 0 |
_aديوان ابن حيوس / _cابن حيوس : ابوالفتيان محمد بن سلطان بن محمد القنوى |
| 700 | 1 | _aخليل مردم | |
| 260 |
_aبيروت : _bدار صادر ، _c1984 |
||
| 300 |
_a693 ص ؛ _c24 سم |
||
| 490 | _a | ||
| 650 | 0 | 4 | _aالشعر العربى |
| 650 | 0 | 4 | _aالادب العربى |
| 650 | 0 | 4 | _aابن حيوس |
| 942 |
_2ddc _cBK |
||
| 999 |
_c31521 _d31521 |
||